000 00617nam a22002177a 4500
003 UA-OsUOA
001 131229
007 ta
008 20180529b un ||||| |||| 00| 0 ukr d
100 _aГлушман І.
090 _a908
_bГ55
942 _cSA
040 _aUA-OsUOA
_bfre
_cUA-OsUOA
_dUA-OsUOA
245 _a"Острог-Ренесанс-Спадщина-2018"запам'ятаєтьсябагатьма прекрасними заходами
300 _aС. 1,4,5,10
955 _a0
041 _afre
080 _a908
773 0 _w131228
650 7 _a908 Краєзнавство
_2UDC
999 _c419517
_d419517